Don't Worry Be Happy Lyrics Quiz - Statistics

General Stats
  • This quiz has been taken 62 times
  • The average score is 65 of 91
Answer Stats
Lyric % Correct
Look at me I'm {happy}
96%
Don't {worry}
94%
Don't {worry}
94%
Don't {worry}
94%
Don't {worry}
94%
Don't {worry}
94%
Don't {worry}
94%
Don't {worry}
94%
Don't {worry}
94%
Don't {worry}
94%
Don't {worry}
94%
Be {happy}
91%
Be {happy}
91%
Be {happy}
91%
Be {happy}
91%
Be {happy}
91%
Be {happy}
91%
Be {happy}
91%
Be {happy}
91%
I'm not worried, I'm {happy}
91%
Here's a {little} {song} I wrote
89%
But don't {worry}, be {happy}
85%
Don't {worry}, be {happy}
85%
Don't {worry}, be {happy}
85%
Don't {worry}, be {happy}
85%
Don't {worry}, be {happy}
85%
Don't {worry}, be {happy}
85%
Don't {worry}, be {happy}
85%
Don't {worry}, be {happy}
85%
Don't {worry}, be {happy}
85%
Don't {worry}, be {happy}
85%
Don't {worry}, be {happy}
85%
Don't {worry}, be {happy}
85%
Don't {worry}, be {happy}
85%
Don't {worry}, be {happy}, be {happy} now
85%
Don't {worry}, be {happy} now
85%
Don't {worry}, be {happy} now
85%
So don't {worry}, be {happy}
85%
I hope you learned it {note} for {note}
83%
You might want to sing it {note} for {note}
83%
Now there, is this {song} I wrote
70%
{Ooh}, ooh ooh ooh oo-ooh ooh oo-ooh ooh ooh oo-ooh
64%
{Ooh}, ooh ooh ooh oo-ooh ooh oo-ooh ooh ooh oo-ooh
64%
{Ooh}, ooh ooh ooh oo-ooh ooh oo-ooh ooh ooh oo-ooh
64%
{Ooh}, ooh ooh ooh oo-ooh ooh oo-ooh ooh ooh oo-ooh
64%
{Ooh}, ooh ooh ooh oo-ooh ooh oo-ooh ooh ooh oo-ooh
64%
{Ooh}, ooh ooh ooh oo-ooh ooh oo-ooh ooh ooh oo-ooh
64%
{Ooh}, ooh ooh ooh oo-ooh ooh oo-ooh ooh ooh oo-ooh
64%
{Ooh}, ooh ooh ooh oo-ooh ooh oo-ooh ooh ooh oo-ooh
64%
{Ooh}, ooh ooh ooh oo-ooh ooh oo-ooh ooh ooh oo-ooh
64%
{Ooh}, ooh ooh ooh oo-ooh ooh oo-ooh ooh ooh oo-ooh
64%
{Ooh} oo-ooh ooh ooh oo-ooh
64%
{Ooh} oo-ooh ooh ooh oo-ooh
64%
{Ooh} oo-ooh ooh ooh oo-ooh
64%
{Ooh} oo-ooh ooh ooh oo-ooh
64%
{Ooh} oo-ooh ooh ooh oo-ooh
64%
{Ooh} oo-ooh ooh ooh oo-ooh
64%
{Ooh} oo-ooh ooh ooh oo-ooh
64%
{Ooh} oo-ooh ooh ooh oo-ooh
64%
{Ooh} oo-ooh ooh ooh oo-ooh
64%
{Ooh} oo-ooh ooh ooh oo-ooh
64%
{Ooh} oo-ooh oo-ooh
64%
{Ooh} oo-ooh oo-ooh
64%
{Ooh} oo-ooh oo-ooh
64%
{Ooh} oo-ooh oo-ooh
64%
{Ooh} oo-ooh oo-ooh
64%
{Ooh} oo-ooh oo-ooh
64%
{Ooh} oo-ooh oo-ooh
64%
{Ooh} oo-ooh oo-ooh
64%
{Ooh} oo-ooh oo-ooh
64%
{Ooh} oo-ooh oo-ooh
64%
{Ooh} oo-ooh oo-ooh
64%
Here I give you my {phone} number
62%
Put a {smile} on your face, don't bring everybody down like this
62%
When you {worry} you make it {double}
60%
In your life expect some {trouble}
58%
In every {life} we have some {trouble}
57%
Somebody came and took your {bed}
55%
When you worry you make it {double}
53%
Don't {worry}, don't {worry}, don't do it, be {happy}
51%
{Listen} to what I say
49%
And that will bring {everybody} down
47%
When you worry {call} me, I make you {happy}
43%
Ain't got no {place} to lay your {head}
42%
The {landlord} say your {rent} is late
42%
'Cause when you worry your {face} will {frown}
34%
Like good little {children}
32%
He may have to {litigate}
30%
It will soon pass, {whatever} it is
30%
Ain't got no {cash}, ain't got no {style}
26%
Ain't got no {gal} to make you {smile}
21%
No matching quizzes found
Score Distribution
Percent of People with Each Score
Percentile by Number Answered
Your Score History
You have not taken this quiz